00965nam a2200253 i 450000100060000000300090000600500170001500700030003200800410003510000340007624500650011025000320017526000360020730000200024349000340026350500760029765000620037370000280043570000400046383000420050385200300054599900170057595201190059234668ES-MaACL20230906154957.0t|030207s1973 fr ||||1| fre d1 aBoisdeffre, Pierre de.92985910aMétamorphose de la littérature / cPierre de Boisdeffre. aEd. rev. et mise áa jour. aVerviers : bMarabout, c[1973] a1 v. ; c18 cm.1 aMarabout université ; v2468 aContiene: T. I: Barrès, Gide, Mauriac, Bernanos, Montherlant, Malraux 4aLiteratura francesa-yS.XX-xHistoria y crítica.9145931 aNúñez, Luis.9861611 aMartín Baro, Luis Alberto.9774100 aMarabout université ; v2469185199 aES-MaACLjP-62 bR.113233 c34668d34668 00104070aATENEOMbATENEOMcDEPO2d2008-01-17eSCl0oP-62p1036165r2023-02-23 00:00:00w2023-02-23yMONOGRAFIA